Wuthering Heights or Pride and Prejudice? Quiz Stats

Quiz Updated Oct 30, 2015

Challenge
Share
Tweet
Embed
Score 0/20 Timer 02:00
3 Plays Today
Character W or P % Correct
Heathcliff???
95.4%
Fitzwilliam Darcy???
91.5%
Nelly Dean???
90.1%
Elizabeth???
90%
Mr. Earnshaw???
90%
Mr. Bennett???
89%
Hindley???
88.1%
Joseph???
88.1%
Lockwood???
87.9%
Charles Bingley???
87.1%
Character W or P % Correct
Zillah???
86.5%
Edgar Linton???
85.8%
Jane???
84.9%
George Wickham???
84.2%
Lydia???
83.3%
Charlotte Lucas???
81%
Isabella???
80.5%
Lady Catherine de Bourgh???
79.7%
Mr. Green???
74.9%
Mrs. Gardiner???
67.8%

You're not logged in!

Compare scores with friends on all Sporcle quizzes.
Sign Up with Email
OR
Log In

You Might Also Like...

Show Comments

Extras

Top Quizzes Today


Score Distribution

Your Account Isn't Verified!

In order to create a playlist on Sporcle, you need to verify the email address you used during registration. Go to your Sporcle Settings to finish the process.